| 000 | 02284nam0a2200421 4500 | ||
|---|---|---|---|
| 001 | RU\NLR\bibl\376444 | ||
| 005 | 20260406070732.0 | ||
| 010 |
_a5-93888-199-4 _9150 |
||
| 021 |
_aRU _b2002-63595 _93090 |
||
| 035 | _a(NLR Aleph) 000370909 | ||
| 090 |
_a395044 _c395044 |
||
| 100 | _a20030219d2002 |||y0rusy50 ca | ||
| 101 | 0 | _arus | |
| 102 | _aRU | ||
| 105 | _aa ||||||||| | ||
| 200 | 1 |
_aПроблемы геологии Европейской России _eТез. докл. Всерос. науч.-практ. конф., Саратов, 29-31 окт. 2002 г. _eК 120-летию со дня рождения Б.А. Можаровского _f[Отв. ред. А.В. Иванов, Ю.П. Конценебин] |
|
| 210 |
_aСаратов _cНауч. кн. _d2002 |
||
| 215 |
_a72 с. _cил., портр. _d29 |
||
| 300 | _aВ надзаг.: Сарат. гос. ун-т им. Н.Г. Чернышевского | ||
| 600 | 1 |
_aМожаровский _bБ.А. _f1882 - 1948 _gБорис Александрович _91410979 _3RU\NLR\auth\66282830 |
|
| 600 | 1 |
_aМожаровский _bБ. А. _f1882-1948 _gБорис Александрович _2psbo |
|
| 607 |
_aРоссийская Федерация _jСъезды, совещания и т.п. _xГеология _yЕвропейская часть _92195888 _3RU\NLR\auth\661319758 |
||
| 607 |
_aРоссийская Федерация _jТезисы докладов _xГеология _yЕвропейская часть _92195888 _3RU\NLR\auth\661319758 |
||
| 610 | 0 | _aГеология | |
| 610 | 0 | _aЕвропейская часть Российской Федерации, геология | |
| 675 |
_a55(470)(043.2) _v3 _zrus |
||
| 686 |
_a38 _2rugasnti |
||
| 686 |
_a26.3 _2rubbk |
||
| 686 | _aД3д(2)Можаровский | ||
| 686 | _aД59(2Р3)я431(2) | ||
| 702 | 1 |
_4340 _7ca _8rus _aИванов _bА. В. _cканд. геол.-минерал. наук, палеонтология _f1974- _gАлексей Викторович _910428 _3RU\NLR\auth\7727394 |
|
| 801 | 0 |
_aRU _bRKP _c20030219 _gPSBO |
|
| 801 | 1 |
_aRU _bRKP _c20030219 |
|
| 801 | 2 |
_aRU _bNLR _c20120201 _grcr |
|
| 942 | _cBOOK | ||
| 980 | _aNB | ||
| 980 | _aNBR | ||